<?xml version="1.0" encoding="UTF-8"?><?xml-stylesheet type="text/xsl" href="static/style.xsl"?><OAI-PMH xmlns="http://www.openarchives.org/OAI/2.0/" xmlns:xsi="http://www.w3.org/2001/XMLSchema-instance" xsi:schemaLocation="http://www.openarchives.org/OAI/2.0/ http://www.openarchives.org/OAI/2.0/OAI-PMH.xsd"><responseDate>2026-04-26T23:38:36Z</responseDate><request verb="GetRecord" identifier="oai:uvadoc.uva.es:10324/46509" metadataPrefix="marc">https://uvadoc.uva.es/oai/request</request><GetRecord><record><header><identifier>oai:uvadoc.uva.es:10324/46509</identifier><datestamp>2024-11-25T17:08:14Z</datestamp><setSpec>com_10324_38</setSpec><setSpec>col_10324_852</setSpec></header><metadata><record xmlns="http://www.loc.gov/MARC21/slim" xmlns:doc="http://www.lyncode.com/xoai" xmlns:xsi="http://www.w3.org/2001/XMLSchema-instance" xmlns:dcterms="http://purl.org/dc/terms/" xsi:schemaLocation="http://www.loc.gov/MARC21/slim http://www.loc.gov/standards/marcxml/schema/MARC21slim.xsd">
<leader>00925njm 22002777a 4500</leader>
<datafield tag="042" ind1=" " ind2=" ">
<subfield code="a">dc</subfield>
</datafield>
<datafield tag="720" ind1=" " ind2=" ">
<subfield code="a">Bartolomé Noci, Miguel</subfield>
<subfield code="e">author</subfield>
</datafield>
<datafield tag="260" ind1=" " ind2=" ">
<subfield code="c">2020</subfield>
</datafield>
<datafield tag="520" ind1=" " ind2=" ">
<subfield code="a">La Primera Guerra Mundial (1914-1918) fue el conflicto bélico más importante&#xd;
para la Humanidad en sus diecinueve siglos de vida. Las consecuencias fueron&#xd;
catastróficas en todos los ámbitos: pérdidas económicas astronómicas,&#xd;
millones de personas muertas, gobiernos políticamente inestables y una&#xd;
sociedad devastada que tardaría mucho tiempo en recuperarse. El Tratado de&#xd;
Versalles (1919) firmado con Alemania fue el más importante de los acuerdos&#xd;
de paz negociados por las potencias aliadas en la Conferencia de París (1919).&#xd;
Debía sentar las bases para la reconstrucción de Europa, pero fue criticado por&#xd;
la dureza de sus disposiciones. Especialmente criticado fue el apartado relativo&#xd;
a las reparaciones de guerra impuestas a Alemania. Uno de los más críticos&#xd;
con el Tratado y con las reparaciones fue John Maynard Keynes (1883-1946).&#xd;
Tras participar en la Conferencia de París, escribió “Las consecuencias&#xd;
económicas de la paz” (1919), donde auguraba el hundimiento del sistema&#xd;
económico y de la civilización europea. El tiempo le dio la razón: el Tratado de&#xd;
Versalles sumió a Europa en una crisis económica, política y social, terminando&#xd;
la destrucción que la Primera Guerra Mundial había iniciado</subfield>
</datafield>
<datafield tag="520" ind1=" " ind2=" ">
<subfield code="a">World War I (1914-1918) was the most important war for humanity in its&#xd;
nineteen centuries of life. The consequences were catastrophic across the&#xd;
board: astronomical economic losses, millions of people killed, politically&#xd;
unstable governments and a devastated society that would take a long time to&#xd;
recover. The Treaty of Versailles (1919) signed with Germany was the most&#xd;
important of the peace agreements negotiated by the Allied Powers at the Paris&#xd;
Conference (1919). It had to lay the groundwork for the reconstruction of&#xd;
Europe, but it was criticized for the harshness of its provisions, particularly the&#xd;
section on war reparations imposed on Germany. One of the most critical of the&#xd;
Treaty and the reparations was John Maynard Keynes (1883-1946). After taking&#xd;
part in the Paris Conference, he wrote “The Economic Consequences of Peace”&#xd;
(1919), where he argued the collapse of the economic system and European&#xd;
civilization. Time proved him right: the Treaty of Versailles plunged Europe into&#xd;
an economic, political and social crisis that ended the destruction that World&#xd;
War I had started</subfield>
</datafield>
<datafield tag="024" ind2=" " ind1="8">
<subfield code="a">http://uvadoc.uva.es/handle/10324/46509</subfield>
</datafield>
<datafield ind1=" " ind2=" " tag="653">
<subfield code="a">Europa - Condiciones económicas - 1918-1945</subfield>
</datafield>
<datafield ind1=" " ind2=" " tag="653">
<subfield code="a">Europa - Condiciones económicas - Historia - Siglo XX</subfield>
</datafield>
<datafield ind1=" " ind2=" " tag="653">
<subfield code="a">Guerra, 1914-1918 (Mundial, 1ª)</subfield>
</datafield>
<datafield tag="245" ind1="0" ind2="0">
<subfield code="a">El Tratado de Versalles y las reparaciones de guerra</subfield>
</datafield>
</record></metadata></record></GetRecord></OAI-PMH>